000
00297nam a2200121Ia 4500
008
190216s9999||||xx |||||||||||||| ||und||
100
_a
Uma G Gupta
245
0
_a
Management Information Systems
260
_b
Galgotia Publication Pvt Ltf
_c
1998
300
_a
637p
650
_a
Commerce
942
_c
BK
999
_c
5946
_d
5946